Calculus / (Record no. 5960)
[ view plain ]
| 000 -LEADER | |
|---|---|
| fixed length control field | 00813cam a2200265 i 4500 |
| 001 - CONTROL NUMBER | |
| control field | 18540931 |
| 003 - CONTROL NUMBER IDENTIFIER | |
| control field | OSt |
| 005 - DATE AND TIME OF LATEST TRANSACTION | |
| control field | 20260203121124.0 |
| 008 - FIXED-LENGTH DATA ELEMENTS--GENERAL INFORMATION | |
| fixed length control field | 150325s2016 maua 001 0 eng c |
| 020 ## - INTERNATIONAL STANDARD BOOK NUMBER | |
| International Standard Book Number | 9780357113516 |
| 040 ## - CATALOGING SOURCE | |
| Original cataloging agency | KABLIB |
| Language of cataloging | eng |
| Transcribing agency | KABLIB |
| Description conventions | rda |
| 082 00 - DEWEY DECIMAL CLASSIFICATION NUMBER | |
| Classification number | 515 |
| Edition number | 23 |
| Item number | STE |
| 100 1# - MAIN ENTRY--PERSONAL NAME | |
| Personal name | Stewart, James, |
| 9 (RLIN) | 3902 |
| 245 10 - TITLE STATEMENT | |
| Title | Calculus / |
| Statement of responsibility, etc. | James Stewart, Daniel Clegg, Saleem Watson |
| Remainder of title | Early Transcendentals |
| 250 ## - EDITION STATEMENT | |
| Edition statement | 9th ed. |
| 264 #1 - PRODUCTION, PUBLICATION, DISTRIBUTION, MANUFACTURE, AND COPYRIGHT NOTICE | |
| Place of production, publication, distribution, manufacture | Boston |
| Name of producer, publisher, distributor, manufacturer | Cengage Learning, |
| Date of production, publication, distribution, manufacture, or copyright notice | [2021] |
| 300 ## - PHYSICAL DESCRIPTION | |
| Extent | xxx, 1214 p. , A158 |
| Other physical details | col. ill |
| Dimensions | 26 cm |
| 504 ## - BIBLIOGRAPHY, ETC. NOTE | |
| Bibliography, etc. note | Includes index. |
| 650 #0 - SUBJECT ADDED ENTRY--TOPICAL TERM | |
| Topical term or geographic name entry element | Calculus |
| Form subdivision | Textbooks. |
| 9 (RLIN) | 14753 |
| 650 #7 - SUBJECT ADDED ENTRY--TOPICAL TERM | |
| Topical term or geographic name entry element | Calculus. |
| Source of heading or term | fast |
| Authority record control number or standard number | (OCoLC)fst00844119 |
| 655 #7 - INDEX TERM--GENRE/FORM | |
| Genre/form data or focus term | Textbooks. |
| Source of term | fast |
| Authority record control number or standard number | (OCoLC)fst01423863 |
| 700 ## - ADDED ENTRY--PERSONAL NAME | |
| Personal name | Clegg, Daniel |
| 9 (RLIN) | 15037 |
| 700 ## - ADDED ENTRY--PERSONAL NAME | |
| Personal name | Watson, Saleem |
| 9 (RLIN) | 15038 |
| 942 ## - ADDED ENTRY ELEMENTS (KOHA) | |
| Source of classification or shelving scheme | Dewey Decimal Classification |
| Koha item type | Book |
| Withdrawn status | Lost status | Source of classification or shelving scheme | Damaged status | Not for loan | Home library | Current library | Shelving location | Date acquired | Source of acquisition | Total Checkouts | Full call number | Barcode | Date last seen | Price effective from | Koha item type |
|---|---|---|---|---|---|---|---|---|---|---|---|---|---|---|---|
| Dewey Decimal Classification | Education Library | Education Library | Reserve Section | 03.02.2026 | Purchased | 515 STE | 14132 | 03.02.2026 | 03.02.2026 | Book | |||||
| Dewey Decimal Classification | Education Library | Education Library | Reserve Section | 03.02.2026 | Purchased | 515 STE | 14133 | 03.02.2026 | 03.02.2026 | Book |